000 00482nam a2200181Ia 4500
005 20240322122953.0
008 131103s9999 xx 000 0 und d
040 _aLoreto College
041 _aEnglish
082 _a155.4
_bCHU
245 _aThree Babies
_b Biographies of Cognitive Development
_cEdited by Joseph Church
260 _aNew York
_bVintage
_c1966
300 _a323p.
650 _aPsychology
700 _aChurch, Joseph; ed.
850 _aLCBED
942 _cBK
999 _c26835
_d77314